Detalles MARC
| 000 -LÍDER |
| Campo fijo de descripción fija |
02456nam a2200361 i 4500 |
| 001 - NÚMERO DE CONTROL |
| Campo de control |
768714001 |
| 003 - IDENTIFICADOR DEL NÚMERO DE CONTROL |
| Campo de control |
CO-MdFUSB |
| 005 - FECHA Y HORA DE LA ULTIMA TRANSACCIÓN |
| control field |
20260325124450.0 |
| 007 - CAMPO FIJO DE DESCRIPCIÓN FIJA--INFORMACIÓN GENERAL |
| Campo fijo de descripción fija |
ta |
| 008 - ELEMENTOS DE LONGITUD FIJA -- INFORMACIÓN GENERAL |
| Campo fijo de descripción fija -- Información general |
241001t1967 sp b|||| |||| 001 0 spa d |
| 020 ## - NÚMERO INTERNACIONAL NORMALIZADO PARA LIBROS |
| Número Internacional Normalizado del libro |
84-254-0083-X |
| 040 ## - FUENTE DE CATALOGACIÓN |
| Idioma de catalogación |
spa. |
| Agencia de catalogación original |
CO-MdFUSB |
| Agencia que realiza la transcripción |
CO-MdFUSB |
| Agencia que realiza la modificación |
CO-MdFUSBC |
| Convenciones de la descripción |
rda |
| 041 ## - CÓDIGO DE IDIOMA |
| Código de idioma para texto/pista de sonido o título separado |
spa |
| Código de idioma original |
ger |
| 082 ## - NÚMERO DE CLASIFICACIÓN DECIMAL DEWEY |
| Número de la edición del Dewey |
23 |
| Número de clasificación |
226.5 |
| Clave de autor-Numero de item |
EV92 |
| 100 ## - ASIENTO PRINCIPAL--NOMBRE PERSONAL |
| Nombre personal |
Wikenhauser, Alfred, |
| Término relacionador |
autor |
| 240 ## - TITULO UNIFORME |
| Título uniforme |
<a href="Das Evangelium nach Johannes">Das Evangelium nach Johannes</a> |
| 245 #3 - TÍTULO |
| Título del Material |
El evangelio según san Juan |
| Mención de responsabilidad, etc. |
/ Alfred Wikenhauser ; traducido por Florencio Galindo |
| 250 ## - MENCIÓN DE EDICIÓN |
| Mención de edición |
Tercera edición |
| 264 #1 - PRODUCCIÓN, PUBLICACIÓN, DISTRIBUCIÓN, MANUFACTURA, Y COPYRIGHT |
| Lugar de producción, publicación, distribución, manufactura |
Barcelona, España : |
| Nombre del productor, publicador, distribuidor |
Herder, |
| Fecha de producción, publicación, distribución, manufactura, o copyright |
[1978] |
| 264 #4 - PRODUCCIÓN, PUBLICACIÓN, DISTRIBUCIÓN, MANUFACTURA, Y COPYRIGHT |
| Fecha de producción, publicación, distribución, manufactura, o copyright |
©1967 |
| 300 ## - DESCRIPCIÓN FÍSICA |
| Extensión |
530 páginas |
| Dimensiones |
; 21 cm |
| 336 ## - TIPO DE CONTENIDO |
| Fuente |
rdacontent |
| Término de tipo de contenido |
texto |
| Código de tipo de contenido |
txt |
| 337 ## - TIPO DE MEDIO |
| Fuente |
rdamedia |
| Nombre del tipo de medio |
sin mediación |
| Código del tipo de medio |
n |
| 338 ## - TIPO DE SOPORTE |
| Fuente |
rdacarrier |
| Nombre del tipo de soporte |
volumen |
| Código Tipo de soporte |
nc |
| 490 ## - MENCIÓN DE SERIE |
| Mención de serie |
Biblioteca Herder |
| 504 ## - NOTA DE BIBLIOGRAFÍA, ETC. |
| Nota de bibliografía, etc |
Incluye cronología de la vida pública de Cristo según el cuarto evangelio, Índice de excursus |
| 505 ## - NOTA DE CONTENIDO |
| Nota de contenido con formato preestablecido |
La obra de Jesús en el mundo, 1,19-12,50. -- La preparación, 1,19-51. -- Comienza la actividad pública. -- La revelación de la persona de Jesús a través de continuas discusiones con los judíos incrédulos, 5,1-10.39. -- Jesús se revela a través de su actividad en Galilea, 6,1-71. -- Jesús se revela por primera vez en Jerusalén, con ocasión de la curación de un paralítico, 5,1-47. -- Jesús se revela durante la fiesta de tabernáculos, 7,1-52. -- Nuevas revelaciones y discusiones de Jesús con los judíos, 8,12-59. -- Ceguera de los enemigos de Jesús, 9,1-46. -- El discurso del buen pastor, 10,1-21. -- Jesús se revela por última vez en la fiesta de la dedicación del templo, 10,22-39. -- Resonancia de la actividad de Jesús, 10,40-12,50. -- La resurrección de Lázaro y sus consecuencias, 10,40-11,54. -- Último viaje a Jerusalén, 11,55-12,50. -- El retorno de Jesús al Padre, 13,1-21,25. -- La víspera de la muerte, 13,1-17,26. -- La última cena, 13,1-30. -- Los discursos de despedida de Jesús. -- Oración de despedida, 17,1-26. -- La pasión, 18,1-19,42. -- Jesús en poder de la autoridad judía, 18,1-27. -- Jesús ante Pilato, 18,28-19,16a. -- Crucifixión, muerte y sepultura de Jesús, 19,16-42. -- Jesús resucitado, 20,1-21,25. |
| 563 ## - NOTA DE ENCUADERNACIÓN |
| Nota de encuadernación |
Rústica |
| 630 07 - TITULO UNIFORME |
| Título uniforme |
Biblia. |
| Nombre de parte o sección de la obra |
Juan |
| Subdivisión de materia general |
Crítica, interpretación, etc. |
| 700 ## - ASIENTO SECUNDARIO - NOMBRE PERSONAL |
| Nombre personal |
Galindo, Florencio, |
| 9 (RLIN) |
10813 |
| Responsabilidad |
traductor |
| 942 ## - TIPO DE MATERIAL (KOHA) |
| Tipo de Item KOHA |
Libros General |
| 945 ## - INFORMACIÓN LOCAL DEL REGISTRO |
| Catalogador |
Catherine Arias Alvarez |